UEFA Team of the Year 2018 - Statistics

General Stats
  • This quiz has been taken 97 times
  • The average score is 10 of 11
Answer Stats
Position Nationality Club Answer % Correct
LW Portugal Real Madrid / Juventus Cristiano Ronaldo
99%
ST Argentina Barcelona Lionel Messi
99%
CM Croatia Real Madrid Luka Modrić
99%
GK Germany Barcelona Marc-André ter Stegen
99%
LM Belgium Chelsea Eden Hazard
96%
CB Netherlands Liverpool Virgil van Dijk
96%
LB Brazil Real Madrid Marcelo
95%
CM France Chelsea N'Golo Kanté
95%
CB France Real Madrid Raphaël Varane
93%
RM France PSG Kylian Mbappé
89%
RB Spain Real Madird Sergio Ramos
89%
No matching quizzes found
Score Distribution
Percent of People with Each Score
Percentile by Number Answered
Your Score History
You have not taken this quiz